Statistiques concernant Finance de marché

Cliquez ici pour prendre le quiz!

Statistiques générales

  • Ce quiz a été pris 298 fois
  • Le résultat moyen est 9 sur 15

Statistiques - réponses

QuestionRéponse% Correct
Quelle est la paire de devise la plus échangée dans le monde ?EUR/USD
90%
Que signifie RSI ?Relative Strenght Index
81%
Une obligation est :Un titre de créance
80%
Lorsqu'un actif évolue au dessus de sa moyenne mobile à 200 jours :La tendance est haussière
72%
Que signifie "shorter" ?Vendre à découvert un titre (ie : vendre avant d'acheter)
72%
Que permet une option "call" ?Donne un droit et non une obligation d'acheter
70%
La théorie de Dow en tendance haussière est définie par :Des points bas de plus en plus haut
62%
L'indice vedette de la place financière de Londres est le :FTSE 100
58%
A quoi sert un "put" ?Donne un droit de vente
57%
Le CAC 40 est étroitement corrélé au :DAX 40
55%
Les valeurs les plus sensibles à la remontée des taux des banques centrales sont ?Les "growth" (valeurs de croissances)
52%
Quel est le pourcentage maximum d'imposition sur les plus values hors PEA et autres depuis l'instauration de la Flat Tax ?30 %
49%
Quel indicateur avancé permet d'anticiper une récession ?Le croisement de la courbe des taux longs avec les taux courts
38%
Le MACD est positif et supérieur à sa ligne de signal sur un actif au hasard:Ca dépend
33%
Quel indice parmi les suivants n'est pas pondéré par la capitalisation boursière ?Le Dow Jones 30
17%

Distribution des résultats

Percentile par nombre de réponses

% des personnes avec chaque résultat

Votre développement - résultats

Vous n’avez pas pris ce quiz